00426nam a2200169Ia 4500003000400000005001700004008004000021040000700061041001200068082001300080100001900093245004300112250000700155260004800162300001100210650003500221OSt20230320163223.0210210b1987 xxu||||| |||| 00| 0 eng d cAL aEnglish a382 MITI aMITHANI (D M). aIntroduction to international economic a15 aBombaybVora & Co, Publishers Pvt Ltdc1987 avi,446 aTrade, International Economics